00494nam a2200193Ia 4500003000400000005001700004008004100021040000700062041000800069082001900077100003700096245003000133260005400163300001000217365001300227440000900240650002900249650002200278OSt20230522155537.0210423s2002 xx 000 0 und d cAL aeng a323 223bIIHR aINDIAN INSTITUTE OF HUMAN RIGHTS aHuman rights and religion aNew DelhibIndian Institute of Human Rightsc2002 a1,100 b250cINR v4C.3 aCivil & Political Rights aPolitical Science